| 000 | 005250000a22001810004500 | ||
|---|---|---|---|
| 003 | MACL | ||
| 005 | 20160401164415.0 | ||
| 008 | 160401b xxu||||| |||| 00| 0 eng d | ||
| 040 |
_aMACL _cMACL |
||
| 041 | _aHindi | ||
| 082 | _a323 | ||
| 100 |
_aविनोद कुमार मिश्र _919694 |
||
| 245 | _aविकलांगों के लिए करियर | ||
| 260 |
_aदिल्ली _bकिताब घर _c2010 |
||
| 350 | _a425 | ||
| 650 |
_aEducation _949812 |
||
| 942 |
_cHIN _k323 _2ddc |
||
| 999 |
_c47852 _d47852 |
||